Bộ luật hình sự pháp luật thi hành án hình sự , án phạt tù , đặc xá và các văn bản hướng dẫn thi hành mới nhất
Nội dung cuốn sách gồm 8 phần nói về bộ luật hình sự , pháp luật thi hành án hình sự , án phạt tù , đặc xá và các văn bản hưóng dẫn thi hành
Salvato in:
| Enti autori: | , |
|---|---|
| Natura: | Libro |
| Lingua: | Undetermined |
| Pubblicazione: |
Hà Nội
Lao động
2011
|
| Soggetti: | |
| Tags: |
Aggiungi Tag
Nessun Tag, puoi essere il primo ad aggiungerne! !
|
| Thư viện lưu trữ: | Trung tâm Học liệu Trường Đại học Cần Thơ |
|---|
| LEADER | 01061nam a2200217Ia 4500 | ||
|---|---|---|---|
| 001 | CTU_180292 | ||
| 008 | 210402s9999 xx 000 0 und d | ||
| 020 | |c 185000 | ||
| 082 | |a 345.597 | ||
| 082 | |b V308 | ||
| 110 | |a Việt Nam (Cộng hòa xã hội chủ nghĩa) | ||
| 110 | |b Quốc hội | ||
| 245 | 0 | |a Bộ luật hình sự pháp luật thi hành án hình sự , án phạt tù , đặc xá và các văn bản hướng dẫn thi hành mới nhất | |
| 245 | 0 | |c Việt Nam (Cộng hòa xã hội chủ nghĩa). Quốc hội | |
| 260 | |a Hà Nội | ||
| 260 | |b Lao động | ||
| 260 | |c 2011 | ||
| 520 | |a Nội dung cuốn sách gồm 8 phần nói về bộ luật hình sự , pháp luật thi hành án hình sự , án phạt tù , đặc xá và các văn bản hưóng dẫn thi hành | ||
| 650 | |a Criminal law,Luật hình sự Việt Nam | ||
| 904 | |i Tuyến | ||
| 980 | |a Trung tâm Học liệu Trường Đại học Cần Thơ | ||